| 000 | 00539nam a22002057a 4500 | ||
|---|---|---|---|
| 005 | 20230413093254.0 | ||
| 008 | 230413b ||||| |||| 00| 0 eng d | ||
| 040 | _cAL | ||
| 041 | _aEnglish | ||
| 082 |
_223 _a383/161 _bRAMT |
||
| 100 |
_aB S Raman _987480 |
||
| 245 | _aText Book of Commerce | ||
| 260 |
_aMangalore _bUnited Publishers _c1988 |
||
| 300 |
_a246 p. _bPB _c21x13.5 cm. |
||
| 440 |
_aVolume 1 _987481 |
||
| 650 |
_aCommerce _987482 |
||
| 650 |
_aFirst Year PUC _987483 |
||
| 700 |
_aRAMAN (B S) _987484 |
||
| 942 |
_2ddc _cBK |
||
| 999 |
_c227187 _d227187 |
||